Statistics for Longest River By Continent

Click here to take the quiz!

General Stats

  • This quiz has been taken 117 times
  • The average score is 5 of 6

Answer Stats

ContinentRiver% Correct
AfricaNile
100%
South AmericaAmazon
96%
EuropeVolga
84%
AsiaYangtze
82%
North AmericaMissouri
64%
AustraliaMurray
48%

Score Distribution

Percentile by Number Answered

Percent of People with Each Score

Your Score History

You have not taken this quiz